| 000 | 00486nam a22001577a 4500 | ||
|---|---|---|---|
| 003 | OSt | ||
| 008 | 260423b |||||||| |||| 00| 0 eng d | ||
| 082 |
_a635.6592 _bG14G |
||
| 100 | _aRam, Naresh | ||
| 245 | _aGenetic Variability and Correlation Studies for Green Pod Yield and Bio-Chemical Traits in Cowpea (Vigna unguiculata (L.) Walp.) | ||
| 260 |
_aPusa, Samastipur _bRAU _c1988 |
||
| 300 | _a102P. | ||
| 502 |
_bMsc. _d1988 |
||
| 650 | _aVegetables & Floriculture | ||
| 942 |
_2ddc _cT |
||
| 999 |
_c50137 _d50137 |
||